[Event "SC Rochade Emsdetten 1 - SV Erkenschwic"]
[Site "NRW-Klasse, Gruppe 1 2015/201"]
[Date "2016.02.14"]
[Round "6.3"]
[White "Van Beek, Alexander"]
[Black "Paalman, Henk-Jan"]
[Result "0-1"]
[WhiteElo "2295"]
[BlackElo "2128"]
[PlyCount "48"]
[EventDate "2016.??.??"]
[WhiteTeam "SV Erkenschwick 1"]
[BlackTeam "SC Rochade Emsdetten 1"]

1. e4 e6 2. d4 d5 3. Nc3 dxe4 4. Nxe4 Nd7 5. Nf3 Ngf6 6. Nxf6+ Nxf6 7. Be3 c5
8. dxc5 Qc7 9. Qd4 Nd5 10. Bb5+ Bd7 11. Bxd7+ Qxd7 12. O-O-O O-O-O 13. c6 bxc6
14. Qa4 Bd6 15. Bxa7 c5 16. Qxd7+ Rxd7 17. c4 Nb4 18. Kb1 Kc7 19. Rd2 Rhd8 20.
Rxd6 Rxd6 21. Kc1 Nxa2+ 22. Kc2 Nb4+ 23. Kc1 Nd3+ 24. Kb1 Kb7 0-1

[Event "SC Rochade Emsdetten 1 - SV Erkenschwic"]
[Site "NRW-Klasse, Gruppe 1 2015/201"]
[Date "2016.02.14"]
[Round "6.4"]
[White "Mueller, Achim"]
[Black "Langers, Alexander"]
[Result "1/2-1/2"]
[WhiteElo "2077"]
[BlackElo "2201"]
[Annotator "Hausrath,Daniel"]
[PlyCount "92"]
[EventDate "2016.??.??"]
[WhiteTeam "SC Rochade Emsdetten 1"]
[BlackTeam "SV Erkenschwick 1"]

1. e4 c5 2. d4 cxd4 3. c3 Nf6 4. e5 Nd5 5. Nf3 Nc6 6. Bc4 Nb6 7. Bb3 e6 8. cxd4
d5 9. exd6 Bxd6 10. O-O O-O 11. Nc3 Be7 12. Be3 Nd5 13. a3 Nxc3 14. bxc3 Na5
15. Bc2 Qc7 16. Qd3 f5 17. Ne5 b6 18. Bf4 Bd6 19. Rfe1 Bb7 20. Qg3 Bd5 21. Nd3
Rfd8 22. Bxd6 Qxd6 23. Nf4 Rac8 24. Rad1 Rd7 25. a4 Rdc7 26. Nxe6 Qxg3 27. hxg3
Rxc3 28. Bxf5 Bb3 29. Rb1 g6 30. Bh3 Bxa4 31. Ng5 Rd8 32. Re7 Nc6 33. Be6+ Kf8
34. Rf7+ Ke8 35. Nxh7 Rxd4 36. Re1 Kd8 37. Rf8+ Kc7 38. Rf7+ Kd8 39. Rf8+ Kc7
40. Rf7+ Kb8 41. Nf6 Nd8 42. Rf8 Rc6 43. Bh3 $11 a5 44. Nd7+ Kc7 45. Ne5 Rcd6
46. Rc1+ Kb7 1/2-1/2

[Event "SC Rochade Emsdetten 1 - SV Erkenschwic"]
[Site "NRW-Klasse, Gruppe 1 2015/201"]
[Date "2016.02.14"]
[Round "6.5"]
[White "Homs, Guust"]
[Black "Hiller, Simon"]
[Result "0-1"]
[WhiteElo "2186"]
[BlackElo "2064"]
[Annotator "Hausrath,Daniel"]
[PlyCount "64"]
[EventDate "2016.??.??"]
[WhiteTeam "SV Erkenschwick 1"]
[BlackTeam "SC Rochade Emsdetten 1"]

1. e4 c6 2. d4 d5 3. exd5 cxd5 4. c4 Nf6 5. Nc3 Nc6 6. Nf3 g6 7. cxd5 Nxd5 8.
Qb3 Nxc3 9. bxc3 Bg7 10. Be2 O-O 11. O-O Qc7 12. Bb2 Be6 13. Qa3 Na5 14. Rfe1
Bc4 15. Nd2 Bxe2 16. Rxe2 $11 e6 17. Qa4 Rac8 18. g3 Rfd8 19. Rae1 b5 20. Qd1
Nc4 21. Nxc4 Qxc4 22. Qb3 Qd5 23. Qxd5 Rxd5 24. Re3 Rc4 25. Kf1 Kf8 26. Ba3+
Ke8 27. Bb4 Bxd4 28. Rf3 Bb6 29. Rb1 f5 30. Rb2 e5 31. Ke2 e4 32. Rf4 g5 0-1

[Event "SC Rochade Emsdetten 1 - SV Erkenschwic"]
[Site "NRW-Klasse, Gruppe 1 2015/201"]
[Date "2016.02.14"]
[Round "6.6"]
[White "Lemli, Thomas"]
[Black "Krings, Christoph"]
[Result "1/2-1/2"]
[WhiteElo "1992"]
[BlackElo "2122"]
[PlyCount "86"]
[EventDate "2016.??.??"]
[WhiteTeam "SC Rochade Emsdetten 1"]
[BlackTeam "SV Erkenschwick 1"]

1. Nf3 e6 2. d4 f5 3. Bg5 Be7 4. Bxe7 Qxe7 5. Nbd2 Nf6 6. c3 O-O 7. Qc2 d5 8.
e3 c5 9. Be2 Nc6 10. Bb5 Nb8 11. Be2 Bd7 12. Ne5 Be8 13. O-O Nc6 14. f4 Nxe5
15. fxe5 Nd7 16. Qd1 a6 17. a4 g5 18. a5 Bg6 19. Bd3 Rf7 20. Qe2 Raf8 21. b4 c4
22. Bc2 Rg7 23. Rf2 Qe8 24. Raf1 Bh5 25. Qe1 Rff7 26. Bd1 Bg6 27. Bc2 Nf8 28.
Qb1 Qe7 29. b5 axb5 30. Qxb5 f4 31. e4 Qd8 32. Bb1 Rc7 33. g3 Be8 34. Qb6 Bc6
35. Kh1 Ng6 36. Bc2 Qe8 37. Qb1 Rcf7 38. exd5 Bxd5+ 39. Be4 fxg3 40. hxg3 Nf8
41. Kg1 Rxf2 42. Rxf2 h5 43. Qf1 Nh7 1/2-1/2

[Event "SC Rochade Emsdetten 1 - SV Erkenschwic"]
[Site "NRW-Klasse, Gruppe 1 2015/201"]
[Date "2016.02.14"]
[Round "6.7"]
[White "Eggenstein, Frank"]
[Black "Schelwokat, Peter"]
[Result "1/2-1/2"]
[WhiteElo "1939"]
[BlackElo "1912"]
[Annotator "Hausrath,Daniel"]
[PlyCount "41"]
[EventDate "2016.??.??"]
[WhiteTeam "SV Erkenschwick 1"]
[BlackTeam "SC Rochade Emsdetten 1"]

1. e4 e5 2. Nf3 Nc6 3. Nc3 Nf6 4. d4 exd4 5. Nxd4 Bb4 6. Nxc6 bxc6 7. Bd3 d5 8.
exd5 cxd5 9. O-O O-O 10. Ne2 c6 11. c3 Bd6 12. Ng3 Ng4 13. h3 Ne5 14. Bc2 Qh4
$11 15. Nf5 Bxf5 16. Bxf5 g6 17. g3 Qf6 18. Bc2 Rfe8 19. Kg2 Bc5 20. b3 Nd7 21.
Bb2 1/2-1/2

[Event "SC Rochade Emsdetten 1 - SV Erkenschwic"]
[Site "NRW-Klasse, Gruppe 1 2015/201"]
[Date "2016.02.14"]
[Round "6.8"]
[White "Ortmeier, Leonhard"]
[Black "Strozewski, Frank"]
[Result "1-0"]
[WhiteElo "1741"]
[BlackElo "1957"]
[Annotator "Hausrath,Daniel"]
[PlyCount "113"]
[EventDate "2016.??.??"]
[WhiteTeam "SC Rochade Emsdetten 1"]
[BlackTeam "SV Erkenschwick 1"]

1. e4 d6 2. d4 g6 3. f4 Bg7 4. Nc3 Nc6 5. Be3 a6 6. Nf3 e6 7. Bd3 Nge7 8. a4
O-O 9. O-O b6 10. Qe1 Nb4 11. Rd1 Nxd3 12. Rxd3 a5 13. Rd1 Ba6 14. Rf2 Qd7 15.
Rfd2 Rae8 16. Kh1 f5 17. e5 Nd5 18. Nxd5 exd5 19. b3 h6 20. Qg3 Qf7 21. Re1 g5
22. h3 Re6 23. Rf2 Bc8 24. Qh2 g4 25. hxg4 fxg4 26. Nh4 dxe5 27. dxe5 c5 28.
Rfe2 Rc6 29. Bc1 $11 Be6 30. Rf1 d4 31. f5 c4 32. Ba3 Rfc8 33. Ref2 Bd5 34. f6
Bf8 35. Bxf8 Qxf8 36. Qf4 Be6 37. f7+ Qxf7 38. Qxf7+ Bxf7 39. Rxf7 cxb3 40.
cxb3 d3 41. Rd7 Rc1 42. Kg1 Rxf1+ 43. Kxf1 Re8 44. Rd5 Kf7 45. Kf2 Ke6 46. Rxd3
Rg8 47. Rd6+ Kxe5 48. Rxb6 Ke4 49. Rb5 g3+ 50. Ke2 Rc8 51. Nf3 Rc3 52. Rxa5
Re3+ 53. Kf1 Rc3 54. Re5+ Kf4 55. b4 Rc4 56. Rd5 Ke3 57. Rd3+ 1-0

[Event "Bahn-SC Wuppertal 1 - Kölner SK Dr. Las"]
[Site "NRW-Klasse, Gruppe 1 2015/201"]
[Date "2016.02.14"]
[Round "6.1"]
[White "Paris, Michael"]
[Black "Savchenko, Vyacheslav"]
[Result "1/2-1/2"]
[WhiteElo "2154"]
[BlackElo "2325"]
[Annotator "Hausrath,Daniel"]
[PlyCount "201"]
[EventDate "2016.??.??"]
[WhiteTeam "Kölner SK Dr. Lasker 1"]
[BlackTeam "Bahn-SC Wuppertal 1"]

1. d4 d5 2. Nf3 Nf6 3. c4 dxc4 4. e3 e6 5. Bxc4 a6 6. O-O c5 7. dxc5 Qxd1 8.
Rxd1 Bxc5 9. Be2 Nc6 10. Nbd2 Ke7 11. Nb3 Ba7 12. Bd2 Ne4 13. Be1 Bd7 14. Rac1
Rhc8 15. Bd3 Nf6 16. Nc5 Rab8 17. Nxd7 Nxd7 18. Be4 Nc5 19. Bxc6 bxc6 20. b4
Nd7 21. Rd3 c5 22. Rcd1 Rb7 23. Ra3 cxb4 24. Rxa6 Bc5 25. Nd2 $11 Nb8 26. Ra4
f5 27. Kf1 Bd6 28. Nb3 Rb6 29. h3 Na6 30. Ke2 e5 31. f3 Ke6 32. e4 g6 33. Bf2
Rbc6 34. Rd2 Nb8 35. Ra5 Nd7 36. exf5+ gxf5 37. f4 Rc2 38. fxe5 Rxd2+ 39. Nxd2
Nxe5 40. Ra6 Kd5 41. Bg3 Rc2 42. Kd1 Rxd2+ 43. Kxd2 Nc4+ 44. Ke2 Bxg3 45. Rh6
Nd6 46. Rxh7 Ne4 47. Kd3 Nc5+ 48. Kc2 Ke5 49. Kd2 Kf6 50. Rh6+ Kg5 51. Rc6 Bf2
52. Ke2 Bd4 53. Rd6 Bc3 54. Rd5 Ne6 55. Rd6 Kf6 56. Rd7 Nc5 57. Rd5 Ne4 58. Kd3
Be5 59. Rb5 Bc3 60. g4 Nd6 61. Rb6 Ke5 62. gxf5 Nxf5 63. a3 Ne7 64. Rb5+ Kd6
65. axb4 Be1 66. Kc4 Nc6 67. Rd5+ Kc7 68. b5 Na5+ 69. Kd3 Kb6 70. Ke2 Bh4 71.
Rh5 Bg3 72. Kf3 Be1 73. Kg4 Nc4 74. h4 Na3 75. Rh6+ Kxb5 76. h5 Nc4 77. Re6 Bc3
78. h6 Kc5 79. Kh5 Kd5 80. Rg6 Nd6 81. Rg3 Be5 82. Rf3 Ke6 83. Kg6 Bb2 84. Rf2
Bc3 85. Re2+ Kd7 86. Rc2 Ba1 87. h7 Be5 88. Re2 Bh8 89. Ra2 Ke6 90. Ra8 Bd4 91.
Rg8 Nf5 92. Rf8 Nd6 93. Ra8 Bc3 94. Ra7 Nf5 95. Ra6+ Nd6 96. Rc6 Bd4 97. Rc7
Bh8 98. Ra7 Bd4 99. Rg7 Bxg7 100. Kxg7 Nf7 101. h8=Q 1/2-1/2

[Event "Bahn-SC Wuppertal 1 - Kölner SK Dr. Las"]
[Site "NRW-Klasse, Gruppe 1 2015/201"]
[Date "2016.02.14"]
[Round "6.2"]
[White "Khanukov, Boris"]
[Black "Lindam, Ingo"]
[Result "0-1"]
[WhiteElo "2233"]
[BlackElo "2058"]
[Annotator "Hausrath,Daniel"]
[PlyCount "120"]
[EventDate "2016.??.??"]
[WhiteTeam "Bahn-SC Wuppertal 1"]
[BlackTeam "Kölner SK Dr. Lasker 1"]

1. c4 Nf6 2. Nc3 g6 3. g3 Bg7 4. Bg2 O-O 5. d4 d6 6. Nf3 Nbd7 7. O-O e5 8. e4
exd4 9. Nxd4 Re8 10. Be3 Nc5 11. f3 a6 12. Qd2 Nfd7 13. b4 Ne6 14. Nxe6 Rxe6
15. Rac1 Re8 16. Nd5 c6 17. Nf4 Ne5 18. Rfd1 b5 19. c5 Nc4 20. Rxc4 bxc4 $11
21. cxd6 c3 22. Qd3 a5 23. b5 cxb5 24. Ne2 b4 25. d7 Bxd7 26. Qxd7 Qxd7 27.
Rxd7 Rad8 28. Bh3 a4 29. Nc1 f5 30. Rb7 Rb8 31. Rxb8 Rxb8 32. Bf1 fxe4 33. Bc4+
Kf8 34. fxe4 Ke8 35. Kf1 Kd7 $11 36. Ke2 Kc6 37. Bf4 Re8 38. Kd3 Rd8+ 39. Kc2
Kc5 40. Bd5 Kb5 41. Nd3 Re8 42. h4 h6 43. Bd6 Bf8 44. Be5 g5 45. h5 Rc8 46. Be6
Rd8 47. Bc7 Ra8 48. g4 Ra6 49. Bd7+ Kc4 50. Ne5+ Kd4 51. Nc6+ Kxe4 52. a3 bxa3
53. Kb1 $11 Kd5 54. Nb8 Ra7 55. Bb6 Bg7 56. Bc6+ Kc4 57. Bxa7 c2+ 58. Kxc2 a2
59. Bxa4 a1=Q 60. Bb3+ Kb5 0-1

[Event "Bahn-SC Wuppertal 1 - Kölner SK Dr. Las"]
[Site "NRW-Klasse, Gruppe 1 2015/201"]
[Date "2016.02.14"]
[Round "6.3"]
[White "Kloss, Henning"]
[Black "Savchenko, Aleksij"]
[Result "0-1"]
[WhiteElo "2165"]
[BlackElo "2195"]
[PlyCount "78"]
[EventDate "2016.??.??"]
[WhiteTeam "Kölner SK Dr. Lasker 1"]
[BlackTeam "Bahn-SC Wuppertal 1"]

1. d4 Nf6 2. c4 g6 3. Nc3 Bg7 4. e4 d6 5. f3 O-O 6. Be3 e5 7. Nge2 exd4 8. Nxd4
c6 9. Qd2 Re8 10. O-O-O Na6 11. Nc2 d5 12. cxd5 cxd5 13. Bb5 Bd7 14. Bxd7 Qxd7
15. exd5 b5 16. Bd4 b4 17. Ne4 Nxe4 18. fxe4 Rxe4 19. Bxg7 Kxg7 20. Rhe1 Rc4
21. b3 Rc3 22. Kb2 Rac8 23. Qd4+ Kg8 24. Rd2 Qc7 25. Nxb4 Nxb4 26. Qxb4 Rc2+
27. Rxc2 Qxc2+ 28. Ka3 Qd3 29. Qe4 Qd2 30. Re2 Qa5+ 31. Kb2 Qc3+ 32. Ka3 Qc5+
33. Ka4 a5 34. Qc4 Qf8 35. Qe4 Qd6 36. g3 Rb8 37. Qe7 Qxd5 38. Ka3 a4 39. Qe4
Rxb3+ 0-1

[Event "Bahn-SC Wuppertal 1 - Kölner SK Dr. Las"]
[Site "NRW-Klasse, Gruppe 1 2015/201"]
[Date "2016.02.14"]
[Round "6.4"]
[White "Bashilin, Roman"]
[Black "Nagel, Bernhard"]
[Result "1/2-1/2"]
[WhiteElo "2230"]
[BlackElo "2224"]
[PlyCount "97"]
[EventDate "2016.??.??"]
[WhiteTeam "Bahn-SC Wuppertal 1"]
[BlackTeam "Kölner SK Dr. Lasker 1"]

1. d4 Nf6 2. Nf3 e6 3. e3 b6 4. Bd3 Bb7 5. Nbd2 d5 6. Ne5 Bd6 7. O-O Nbd7 8. f4
a6 9. Qf3 c5 10. g4 g6 11. c3 Qc7 12. g5 Ng8 13. e4 f5 14. exf5 exf5 15. Bxf5
Bxe5 16. Bxd7+ Kxd7 17. fxe5 Ne7 18. Qg4+ Nf5 19. Rxf5 gxf5 20. Qxf5+ Ke8 21.
Qe6+ Qe7 22. Qxe7+ Kxe7 23. Nf3 Raf8 24. Kg2 Rf7 25. Be3 c4 26. g6 hxg6 27.
Bg5+ Ke8 28. Bf6 Rh5 29. h4 Rf5 30. Ng5 R7xf6 31. exf6 Rxf6 32. Rf1 Rxf1 33.
Kxf1 Bc8 34. Kf2 Ke7 35. Ke3 Kf6 36. Kf4 a5 37. Nf3 Be6 38. Ne5 Bf5 39. a3 Be6
40. Nf3 Bd7 41. Nd2 Bh3 42. Nf3 Bd7 43. Ne1 b5 44. Nc2 Bf5 45. Ne3 Be6 46. Ng4+
Bxg4 47. Kxg4 Kf7 48. Kg5 Kg7 49. Kf4 1/2-1/2

[Event "Bahn-SC Wuppertal 1 - Kölner SK Dr. Las"]
[Site "NRW-Klasse, Gruppe 1 2015/201"]
[Date "2016.02.14"]
[Round "6.5"]
[White "Fox, Daniel"]
[Black "Ries, Benjamin"]
[Result "1-0"]
[WhiteElo "2143"]
[BlackElo "2164"]
[PlyCount "59"]
[EventDate "2016.??.??"]
[WhiteTeam "Kölner SK Dr. Lasker 1"]
[BlackTeam "Bahn-SC Wuppertal 1"]

1. e4 c6 2. Nc3 d5 3. Nf3 Bg4 4. h3 Bxf3 5. Qxf3 Nf6 6. e5 Nfd7 7. d4 Qb6 8.
Qg4 e6 9. Bd3 c5 10. dxc5 Nxc5 11. Bb5+ Nc6 12. Be3 a6 13. Bxc6+ Qxc6 14. O-O
g6 15. f4 h5 16. Qf3 Rc8 17. Ne2 Ne4 18. c4 Bc5 19. cxd5 exd5 20. Rac1 Nd2 21.
Qf2 Bxe3 22. Qxe3 Nc4 23. Qd4 Qe6 24. f5 gxf5 25. Nf4 Qh6 26. Nxd5 b5 27. b3
Nb6 28. Rxc8+ Nxc8 29. Qc5 Kd7 30. Rd1 1-0

[Event "Bahn-SC Wuppertal 1 - Kölner SK Dr. Las"]
[Site "NRW-Klasse, Gruppe 1 2015/201"]
[Date "2016.02.14"]
[Round "6.6"]
[White "Tueckmantel, Rene"]
[Black "Cramer, Volker"]
[Result "1-0"]
[WhiteElo "2132"]
[BlackElo "2065"]
[PlyCount "63"]
[EventDate "2016.??.??"]
[WhiteTeam "Bahn-SC Wuppertal 1"]
[BlackTeam "Kölner SK Dr. Lasker 1"]

1. c4 f5 2. g3 Nf6 3. Bg2 g6 4. Nc3 Bg7 5. d3 e5 6. e4 O-O 7. Nge2 d6 8. O-O c6
9. h3 a5 10. Be3 Na6 11. Na4 Be6 12. Bb6 Nc7 13. Rc1 Bh6 14. f4 Rf7 15. Qc2 Nd7
16. Bxc7 Qxc7 17. exf5 gxf5 18. d4 Rc8 19. Qd2 Rg7 20. Kh2 e4 21. d5 Bf7 22.
Nd4 Nf6 23. Nxf5 Rg6 24. g4 Bf8 25. g5 Qd7 26. Nh4 Qd8 27. Nxg6 hxg6 28. gxf6
Qxf6 29. Bxe4 Re8 30. Bg2 Bh6 31. Nc3 c5 32. Ne4 1-0

[Event "Bahn-SC Wuppertal 1 - Kölner SK Dr. Las"]
[Site "NRW-Klasse, Gruppe 1 2015/201"]
[Date "2016.02.14"]
[Round "6.7"]
[White "Loseries, Uwe"]
[Black "Werbeck, Torsten"]
[Result "1-0"]
[WhiteElo "2144"]
[BlackElo "2064"]
[Annotator "Hausrath,Daniel"]
[PlyCount "71"]
[EventDate "2016.??.??"]
[WhiteTeam "Kölner SK Dr. Lasker 1"]
[BlackTeam "Bahn-SC Wuppertal 1"]

1. d4 Nf6 2. c4 c5 3. d5 b5 4. cxb5 a6 5. b6 d6 6. Nc3 Qxb6 7. e4 g6 8. Nf3 Bg4
9. Qb3 Nbd7 10. Nd2 Qxb3 11. axb3 Nb8 12. Nb5 Kd8 13. Nc4 Bd7 14. Nc3 Bg7 15.
Be2 Ne8 16. O-O Nc7 17. Re1 Bd4 18. Be3 Bxe3 19. Nxe3 Ra7 20. f4 Rb7 21. Bc4
Nb5 22. Nxb5 Bxb5 $11 23. Bxb5 Rxb5 24. Ra3 Kd7 25. Nc4 f6 26. Re3 Kc7 27. Ra1
Rd8 28. Rh3 Rh8 29. e5 fxe5 30. fxe5 dxe5 31. Nxe5 Rf8 32. Rxh7 Rxb3 33. Rd1
Rxb2 34. d6+ Kc8 35. dxe7 Re8 36. Nc4 1-0

[Event "Bahn-SC Wuppertal 1 - Kölner SK Dr. Las"]
[Site "NRW-Klasse, Gruppe 1 2015/201"]
[Date "2016.02.14"]
[Round "6.8"]
[White "Bogorad, Michail"]
[Black "Kurka, Dieter"]
[Result "1-0"]
[WhiteElo "2041"]
[BlackElo "1976"]
[PlyCount "71"]
[EventDate "2016.??.??"]
[WhiteTeam "Bahn-SC Wuppertal 1"]
[BlackTeam "Kölner SK Dr. Lasker 1"]

1. e4 c5 2. Nc3 e6 3. g3 Nc6 4. Bg2 g6 5. f4 Nge7 6. Nf3 Bg7 7. d3 O-O 8. O-O
Nd4 9. Nxd4 Bxd4+ 10. Kh1 d6 11. Ne2 Bg7 12. c3 Bd7 13. g4 Rb8 14. a4 d5 15. f5
exf5 16. gxf5 gxf5 17. exd5 Ng6 18. Ng3 f4 19. Bxf4 Nxf4 20. Rxf4 Be5 21. Rc4
b6 22. Qh5 f5 23. Rh4 Qe7 24. Re1 Rf7 25. d4 cxd4 26. cxd4 Qb4 27. Rxe5 Qxb2
28. Re1 Qd2 29. Rf1 Re8 30. Rhf4 Re1 31. Rxe1 Qxf4 32. Qd1 Qh4 33. d6 f4 34.
Ne4 f3 35. Bxf3 Rxf3 36. Rg1+ 1-0

[Event "SK Königsspringer Iserlohn 1 - PSV Duis"]
[Site "NRW-Klasse, Gruppe 1 2015/201"]
[Date "2016.02.14"]
[Round "6.2"]
[White "Kramps, Rene"]
[Black "Maslak, Sulejman"]
[Result "0-1"]
[WhiteElo "2039"]
[BlackElo "2301"]
[Annotator "Hausrath,Daniel"]
[PlyCount "102"]
[EventDate "2016.??.??"]
[WhiteTeam "SK Königsspringer Iserlohn 1"]
[BlackTeam "PSV Duisburg 1"]

1. e4 e6 2. d4 d5 3. Nc3 Nf6 4. Bg5 Be7 5. e5 Nfd7 6. h4 h6 7. Bxe7 Qxe7 8. Qg4
O-O 9. Nf3 c5 10. O-O-O Nc6 11. Ne2 cxd4 12. Qg3 Nc5 13. Nfxd4 Ne4 14. Nxc6
bxc6 15. Qe3 f6 16. f3 Qc5 17. Qxc5 Nxc5 18. Nd4 Bd7 19. Re1 Rab8 20. g3 f5 21.
Nb3 Na4 22. c4 c5 23. cxd5 exd5 24. Rh2 Be6 25. Rc2 Rfc8 26. Kd2 Kf7 27. h5 c4
28. Nd4 Nxb2 29. Bh3 Nd3 30. Re3 Nc5 31. Bxf5 $11 Rc7 32. Nxe6 Nxe6 33. Bxe6+
Kxe6 34. Kc3 Rb1 35. Rd2 Rc1+ 36. Kb2 Rh1 37. f4 Rb7+ 38. Kc3 Rf1 39. Kd4 Rb5
40. Ra3 a5 41. Ke3 Re1+ 42. Kf3 Rc1 43. Re3 c3 44. Rf2 d4 45. Re4 d3 46. f5+
Kf7 47. e6+ Ke7 48. f6+ gxf6 49. Ke3 d2 50. Rxf6 Kxf6 51. e7 Re1+ 0-1

[Event "SK Königsspringer Iserlohn 1 - PSV Duis"]
[Site "NRW-Klasse, Gruppe 1 2015/201"]
[Date "2016.02.14"]
[Round "6.3"]
[White "Wengenroth, Walter"]
[Black "Franke, Thomas"]
[Result "1-0"]
[WhiteElo "2207"]
[BlackElo "2074"]
[Annotator "Hausrath,Daniel"]
[PlyCount "73"]
[EventDate "2016.??.??"]
[WhiteTeam "PSV Duisburg 1"]
[BlackTeam "SK Königsspringer Iserlohn 1"]

1. Nf3 c5 2. e4 d6 3. d4 cxd4 4. Nxd4 Nf6 5. Nc3 a6 6. Be2 e5 7. Nb3 Be7 8. Bg5
Be6 9. Bxf6 Bxf6 10. Nd5 Nd7 11. Qd3 Bxd5 12. Qxd5 Qc7 13. c3 Be7 14. Bc4 O-O
15. Qd3 b5 16. Bd5 Rab8 17. a4 Nb6 18. a5 Nc4 19. Qe2 Rfc8 $11 20. O-O g6 21.
Nc1 b4 22. cxb4 Bg5 23. Nd3 Qa7 24. Rfd1 Qd4 25. Nxe5 Qxe5 26. Bxc4 Rxb4 27. b3
Rc5 28. Qf3 Bf6 29. g3 Kg7 30. Ra2 Rc6 31. Rad2 Rb8 32. Rd5 Qe7 33. e5 dxe5 34.
Rd7 e4 35. Qf4 Qe5 36. Rxf7+ Kh8 37. Rxf6 1-0

[Event "SK Königsspringer Iserlohn 1 - PSV Duis"]
[Site "NRW-Klasse, Gruppe 1 2015/201"]
[Date "2016.02.14"]
[Round "6.4"]
[White "Kind, Bertram"]
[Black "Heisel, Guido"]
[Result "0-1"]
[WhiteElo "2170"]
[BlackElo "2051"]
[PlyCount "86"]
[EventDate "2016.??.??"]
[WhiteTeam "SK Königsspringer Iserlohn 1"]
[BlackTeam "PSV Duisburg 1"]

1. e4 d5 2. exd5 Nf6 3. d4 Bg4 4. Nf3 Qxd5 5. Be2 e6 6. Nc3 Qf5 7. h3 Bxf3 8.
Bxf3 Nc6 9. Bxc6+ bxc6 10. g4 Qa5 11. Qf3 Qa6 12. Bf4 Rb8 13. Rb1 Bb4 14. a3
Bxc3+ 15. Qxc3 Nd5 16. Qf3 O-O 17. Bd2 Qc4 18. Qd3 Qxd3 19. cxd3 Rb6 20. Ke2
Rfb8 21. b4 a5 22. Rhc1 axb4 23. axb4 Kf8 24. Rc4 Ke8 25. f4 Kd7 26. f5 Re8 27.
Kf2 Ra6 28. Rb2 Ra3 29. f6 gxf6 30. Rbc2 Rxd3 31. Ke2 Rxh3 32. Rxc6 Rg8 33. g5
fxg5 34. R6c5 g4 35. Kf1 g3 36. Bc1 Rh2 37. Kg1 Rxc2 38. Rxc2 Rg4 39. Kg2 h5
40. Kf3 f5 41. Kg2 h4 42. b5 Rxd4 43. Bg5 Rg4 0-1

[Event "SK Königsspringer Iserlohn 1 - PSV Duis"]
[Site "NRW-Klasse, Gruppe 1 2015/201"]
[Date "2016.02.14"]
[Round "6.5"]
[White "Sponheim, Marko"]
[Black "Klauke, Stefan"]
[Result "0-1"]
[WhiteElo "1972"]
[BlackElo "2099"]
[PlyCount "110"]
[EventDate "2016.??.??"]
[WhiteTeam "PSV Duisburg 1"]
[BlackTeam "SK Königsspringer Iserlohn 1"]

1. e4 c5 2. Nf3 Nf6 3. Nc3 d5 4. exd5 Nxd5 5. Bb5+ Bd7 6. Bxd7+ Qxd7 7. O-O Nc6
8. d4 Nxc3 9. bxc3 e6 10. Be3 cxd4 11. cxd4 Be7 12. Qd2 O-O 13. Rfd1 Rfd8 14.
c4 Bf6 15. Rab1 b6 16. Qe2 Rac8 17. d5 exd5 18. Rxd5 Qe6 19. Rbd1 Na5 20. Rxd8+
Bxd8 21. Qd2 h6 22. c5 Nc4 23. Qc1 Nxe3 24. Qxe3 Qxe3 25. fxe3 bxc5 26. Ne5 Bc7
27. Nc4 Kf8 28. Rd5 Ke7 29. g3 Bb6 30. a4 Rd8 31. Re5+ Kf6 32. Kf2 Rd1 33. a5
Bxa5 34. Rxc5 Bd8 35. Rc6+ Ke7 36. Ra6 Bb6 37. Nxb6 axb6 38. Rxb6 Rd2+ 39. Kf3
Rxh2 40. Ra6 Rd2 41. Rb6 Rd6 42. Rb7+ Ke6 43. Ra7 g5 44. g4 f5 45. Rh7 fxg4+
46. Kxg4 Ke5 47. Kh5 Re6 48. Ra7 Ke4 49. Ra3 Kf3 50. Rb3 Re4 51. Kxh6 g4 52.
Kh5 g3 53. Rb8 Kxe3 54. Rb3+ Kf2 55. Rb2+ Re2 0-1

[Event "SK Königsspringer Iserlohn 1 - PSV Duis"]
[Site "NRW-Klasse, Gruppe 1 2015/201"]
[Date "2016.02.14"]
[Round "6.6"]
[White "Schwanbeck, Christoph"]
[Black "Sirringhaus, Wilfried"]
[Result "0-1"]
[WhiteElo "2076"]
[BlackElo "2054"]
[PlyCount "74"]
[EventDate "2016.??.??"]
[WhiteTeam "SK Königsspringer Iserlohn 1"]
[BlackTeam "PSV Duisburg 1"]

1. d4 Nf6 2. Nf3 g6 3. Bg5 Bg7 4. Nbd2 d6 5. e4 O-O 6. Bc4 c5 7. c3 cxd4 8.
cxd4 Nc6 9. h3 Qa5 10. b4 Qxb4 11. Rb1 Qa5 12. Rb5 Qc7 13. O-O a6 14. Rb1 Bd7
15. Qe2 b5 16. Bb3 e5 17. Rfc1 exd4 18. Qd3 Qb6 19. a4 Ne5 20. Nxe5 dxe5 21.
Bxf6 Bxf6 22. axb5 axb5 23. Bd5 Rac8 24. Rxc8 Rxc8 25. Qb3 Be8 26. Nc4 Qa6 27.
Nd2 Qa5 28. Qf3 Qxd2 29. Qxf6 Rc1+ 30. Rxc1 Qxc1+ 31. Kh2 Qf4+ 32. Qxf4 exf4
33. g4 Bd7 34. Kg2 Be6 35. Bc6 b4 36. Bb5 b3 37. Bd3 b2 0-1

[Event "SK Königsspringer Iserlohn 1 - PSV Duis"]
[Site "NRW-Klasse, Gruppe 1 2015/201"]
[Date "2016.02.14"]
[Round "6.7"]
[White "Brueggemann, Josef"]
[Black "Lueck, Kai"]
[Result "0-1"]
[WhiteElo "1984"]
[BlackElo "1917"]
[PlyCount "124"]
[EventDate "2016.??.??"]
[WhiteTeam "PSV Duisburg 1"]
[BlackTeam "SK Königsspringer Iserlohn 1"]

1. e4 c6 2. d3 d5 3. Nd2 Nf6 4. Ngf3 Bg4 5. h3 Bxf3 6. Qxf3 Nbd7 7. Be2 e6 8.
O-O Be7 9. d4 dxe4 10. Nxe4 Nxe4 11. Qxe4 Nf6 12. Qd3 O-O 13. Bg5 Qd5 14. Be3
Rfd8 15. c4 Qa5 16. Qc2 c5 17. Rfd1 Rac8 18. a3 Qc7 19. dxc5 Bxc5 20. Bxc5 Qxc5
21. b4 Qe5 22. Bf3 b6 23. Rac1 h5 24. c5 Rxd1+ 25. Rxd1 bxc5 26. bxc5 Nd5 27.
c6 Qd6 28. Rc1 Qxa3 29. Bxh5 Nb4 30. Qb1 Rxc6 31. Rxc6 Nxc6 32. Qb7 Qa1+ 33.
Kh2 Qe5+ 34. Kg1 Qxh5 35. Qxc6 a5 36. Qa4 g6 37. g3 Qf5 38. h4 Qb1+ 39. Kg2 Qb4
40. Qd7 a4 41. h5 Qe4+ 42. Kg1 gxh5 43. Qd8+ Kg7 44. Qa5 Kg6 45. f4 Qd4+ 46.
Kh2 f6 47. Qa8 Kf5 48. Qf3 Kg6 49. Qa8 Qb2+ 50. Kh3 e5 51. Qxa4 exf4 52. Qe4+
Kg7 53. gxf4 Qf2 54. Qe7+ Kg6 55. Qe4+ Kh6 56. Qf5 Qf3+ 57. Kh2 Kg7 58. Qd7+
Kg6 59. Qe8+ Kf5 60. Kg1 Kxf4 61. Qb8+ Kg4 62. Qh8 Kh3 0-1

[Event "SK Königsspringer Iserlohn 1 - PSV Duis"]
[Site "NRW-Klasse, Gruppe 1 2015/201"]
[Date "2016.02.14"]
[Round "6.8"]
[White "Meinecke, Gerd"]
[Black "Hehlke, Oliver"]
[Result "1-0"]
[WhiteElo "1954"]
[BlackElo "1687"]
[PlyCount "73"]
[EventDate "2016.??.??"]
[WhiteTeam "SK Königsspringer Iserlohn 1"]
[BlackTeam "PSV Duisburg 1"]

1. d4 Nf6 2. Bf4 d5 3. e3 e6 4. Nf3 Be7 5. Bd3 Nh5 6. Be5 Nd7 7. Nbd2 Nxe5 8.
Nxe5 g6 9. Qe2 Qd6 10. c3 Bd7 11. Qf3 Nf6 12. g4 Rf8 13. Qg2 O-O-O 14. O-O-O
Ne8 15. f4 f6 16. Nef3 Qb6 17. h4 Bb5 18. Qe2 Nd6 19. g5 Bxd3 20. Qxd3 f5 21.
h5 Ne4 22. Rh2 c5 23. hxg6 c4 24. Qc2 hxg6 25. Nxe4 dxe4 26. Ne5 Rg8 27. Rh6
Qa6 28. Kb1 Rd5 29. Qe2 b5 30. Rxg6 Rgd8 31. Rg7 Bc5 32. Rh1 Qa4 33. Qc2 Qa6
34. Rhh7 Bb6 35. Nc6 R8d7 36. Rxd7 Rxd7 37. Rxd7 1-0

[Event "LSV Turm Lippstadt 1 - SV Kamen 1"]
[Site "NRW-Klasse, Gruppe 1 2015/201"]
[Date "2016.02.14"]
[Round "6.1"]
[White "Weidemann, Christian"]
[Black "Wehmeier, Stefan"]
[Result "1/2-1/2"]
[WhiteElo "2297"]
[BlackElo "2393"]
[PlyCount "70"]
[EventDate "2016.??.??"]
[WhiteTeam "SV Kamen 1"]
[BlackTeam "LSV Turm Lippstadt 1"]

1. e4 d5 2. exd5 Qxd5 3. Nf3 Bg4 4. Be2 Nc6 5. d4 e6 6. Be3 Nf6 7. c4 Qd7 8.
O-O O-O-O 9. Qb3 a6 10. Nbd2 h5 11. h3 Bf5 12. Rfd1 Be7 13. Ne5 Nxd4 14. Bxd4
Qxd4 15. Nxf7 Bc5 16. Qf3 Qxb2 17. Nxd8 Rxd8 18. Rab1 Bxb1 19. Rxb1 Rxd2 20.
Rxb2 Rxb2 21. g4 hxg4 22. hxg4 Kb8 23. Qd3 Ka7 24. a4 e5 25. Kf1 Bd4 26. f4 c5
27. fxe5 Ng8 28. Qg6 Ne7 29. Qd6 Nc6 30. e6 Rb1+ 31. Kg2 Rb2 32. Kf1 Rb1+ 33.
Kg2 Rb2 34. Kf1 Rb1+ 35. Kg2 Rb2 1/2-1/2